000 00328nam a22001457a 4500
008 210527b ||||| |||| 00| 0 eng d
020 _a0471415014
041 _aeng
080 _210th
_a611
082 _a611
100 _a6
101 _aANA
245 _aPrinciples of Anatomy & Physiology
_cTortora,G.J
942 _2udc
_cBK
999 _c57667
_d57667